Zu den Problemen der künstlichen Insemination unter besonderer Berücksichtigung des § 203 E 1962
| Main Author: | |
|---|---|
| Corporate Author: | |
| Format: | Print Book |
| Language: | German |
| Published: |
Berlin
de Gruyter
1970
|
| In: |
Neue Kölner rechtswissenschaftliche Abhandlungen (65)
Year: 1970 |
| Availability in Tübingen: | Present in Tübingen. IFK: G VI 48 |
| Check availability: | HBZ Gateway |
| Subito Delivery Service: | Order now. |
| Keywords: |
MARC
| LEADER | 00000cam a2200000 c 4500 | ||
|---|---|---|---|
| 001 | 1071934333 | ||
| 003 | DE-627 | ||
| 005 | 20260206193738.0 | ||
| 007 | tu | ||
| 008 | 950620s1970 gw ||||| m 00| ||ger c | ||
| 016 | 7 | |a 456954341 |2 DE-101 | |
| 035 | |a (DE-627)1071934333 | ||
| 035 | |a (DE-603)056908482 | ||
| 035 | |a (DE-576)001934333 | ||
| 035 | |a (DE-599)BSZ001934333 | ||
| 035 | |a (OCoLC)17459866 | ||
| 035 | |a (OCoLC)310616718 | ||
| 035 | |a (OCoLC)73786530 | ||
| 040 | |a DE-627 |b ger |c DE-627 |e rakwb | ||
| 041 | |a ger | ||
| 044 | |c XA-DE | ||
| 082 | 0 | |a 343.43 |q OCLC | |
| 084 | |a 04a |2 sdnb | ||
| 084 | |a PH 2420 |2 rvk |0 (DE-625)rvk/135998: | ||
| 084 | |a PJ 2280 |2 rvk |0 (DE-625)rvk/136655: | ||
| 100 | 1 | |a Helling, Uta |4 aut | |
| 245 | 1 | 0 | |a Zu den Problemen der künstlichen Insemination unter besonderer Berücksichtigung des § 203 E 1962 |c von Uta Helling |
| 246 | 3 | 0 | |a Paragraph |
| 264 | 1 | |a Berlin |b de Gruyter |c 1970 | |
| 300 | |a XX, 149 S. | ||
| 336 | |a Text |b txt |2 rdacontent | ||
| 337 | |a ohne Hilfsmittel zu benutzen |b n |2 rdamedia | ||
| 338 | |a Band |b nc |2 rdacarrier | ||
| 490 | 1 | |a Neue Kölner rechtswissenschaftliche Abhandlungen |v 65 | |
| 500 | |a Literaturverz. S. IX - XV | ||
| 502 | |a Zugl.: Köln, Univ., Diss., 1968 | ||
| 583 | 1 | |a Archivierung prüfen |c 20240324 |f DE-4165 |z 3 |2 pdager | |
| 655 | 7 | |a Hochschulschrift |0 (DE-588)4113937-9 |0 (DE-627)105825778 |0 (DE-576)209480580 |2 gnd-content | |
| 710 | 2 | |a Universität zu Köln |e Grad-verleihende Institution |0 (DE-588)2024231-1 |0 (DE-627)102157510 |0 (DE-576)191768537 |4 dgg | |
| 751 | |a Köln |4 uvp | ||
| 830 | 0 | |a Neue Kölner rechtswissenschaftliche Abhandlungen |v 65 |9 65 |w (DE-627)130099481 |w (DE-576)001377108 |w (DE-600)501734-8 |7 am | |
| 889 | |w (DE-627)18509919X | ||
| 935 | |i mdedup | ||
| 935 | |h HEB |i 0501 | ||
| 935 | |h HEB |i 0503 | ||
| 936 | r | v | |a PH 2420 |b Allgemeine Reformliteratur |k Rechtswissenschaft |k Strafrecht, Strafverfahrensrecht, Kriminologie |k Allgemeines und Geschichte |k Geschichte |k Allgemeine Reformliteratur |0 (DE-627)1272236676 |0 (DE-625)rvk/135998: |0 (DE-576)202236676 |
| 936 | r | v | |a PJ 2280 |b Forschung am Menschen (u.a. Reproduktionsmedizin, Genforschung und -technologie den Menschen betreffend) |k Rechtswissenschaft |k Medizinrecht (Biorecht, Recht des Gesundheitswesens, Arzneimittel- und Medizinproduktrecht, Medizinstrafrecht, Apothekenrecht) |k Ethisch-rechtliche Fragen zum Medizin- und Biorecht |k Forschung am Menschen (u.a. Reproduktionsmedizin, Genforschung und -technologie den Menschen betreffend) |0 (DE-627)1448227755 |0 (DE-625)rvk/136655: |0 (DE-576)378227750 |
| 936 | s | n | |a p100 |2 mzub |
| 951 | |a BO | ||
| ELC | |b 1 | ||
| LOK | |0 000 xxxxxcx a22 zn 4500 | ||
| LOK | |0 001 2873287772 | ||
| LOK | |0 003 DE-627 | ||
| LOK | |0 004 1071934333 | ||
| LOK | |0 005 20151116135354 | ||
| LOK | |0 008 150728||||||||||||||||ger||||||| | ||
| LOK | |0 035 |a (DE-21-110)kd28838 | ||
| LOK | |0 040 |a DE-21-110 |c DE-627 |d DE-21-110 | ||
| LOK | |0 852 |a DE-21-110 | ||
| LOK | |0 852 1 |c G VI 48 |m p |9 00 | ||
| LOK | |0 935 |a k110 | ||
| LOK | |0 938 |k p | ||
| LOK | |0 939 |a 28-07-15 |b l01 | ||
| ORI | |a SA-MARC-krimdoka001.raw | ||
| SIG | |a IFK: G VI 48 | ||
